Anagrammi dei Calciatori - Quiz n°6 - Statistics

Statistiche generali
  • Questo quiz è stato fatto 5 volte
  • Il punteggio medio è 4 su 10
Statistiche sulle risposte
Anagramma Calciatore % Corretto
ulaldaap Lapadula
75%
ehsreliw Wilshere
75%
spyee Yepes
75%
rdjcui Djuric
50%
sclkonaia Kolašinac
50%
ekalan Anelka
25%
idaslan Ansaldi
0%
otrpael Laporte
0%
oordalen Leonardo
0%
aescri Scirea
0%
Nessun quiz corrispondente trovato
Distribuzione punteggi
Percentuale di utenti per punteggio
Percentile per numero di risposta
I tuoi punteggi nel tempo
Non hai fatto questo quiz